[Event "SVK-ch U2400"]
[Site "Liptovsky Jan"]
[Date "2025.06.14"]
[Round "6"]
[White "Doci, Stefan"]
[Black "Bracok, Stefan"]
[Result "1-0"]
[WhiteElo "2098"]
[BlackElo "1802"]
[PlyCount "65"]
[EventDate "2025.06.12"]
[EventType "swiss"]
[EventRounds "8"]
[EventCountry "SVK"]
[SourceTitle "CB25_2025"]
[SourceDate "2025.06.18"]
[SourceVersion "1"]
[SourceVersionDate "2025.06.18"]
[SourceQuality "1"]

1. e4 d6 2. d4 Nf6 3. Nc3 g6 4. Bc4 Bg7 5. f3 0-0 6. Be3 e5 7. Nge2 Nbd7 8. Qd2 exd4 9. Nxd4 Ne5 10. Be2 a6 11. 0-0-0 b5 12. Bh6 Bd7 13. h4 Nh5 14. g4 Ng3 15. Rh3 Nxe2+ 16. Ndxe2 Nc4 17. Bg5 Qb8 18. Qd3 Ne5 19. Qe3 Nc4 20. Qf2 b4 21. Nd5 Bxb2+ 22. Kb1 f6 23. Bh6 Rf7 24. h5 g5 25. Nd4 Bc3 26. Nf5 Bxf5 27. gxf5 c6 28. Nf4 Qb5 29. Nd3 c5 30. f4 Na3+ 31. Kc1 Bd4 32. Qg2 Be3+ 33. Rxe3 1-0

[Event "SVK-ch U2400"]
[Site "Liptovsky Jan"]
[Date "2025.06.13"]
[Round "3"]
[White "Bracok, Stefan"]
[Black "Papay, Aurel"]
[Result "0-1"]
[WhiteElo "1802"]
[BlackElo "1574"]
[PlyCount "128"]
[EventDate "2025.06.12"]
[EventType "swiss"]
[EventRounds "8"]
[EventCountry "SVK"]
[SourceTitle "CB25_2025"]
[SourceDate "2025.06.18"]
[SourceVersion "1"]
[SourceVersionDate "2025.06.18"]
[SourceQuality "1"]

1. d4 f5 2. g3 Nf6 3. Bg2 g6 4. c4 Bg7 5. Nc3 0-0 6. Bg5 d6 7. Qd2 Qe8 8. Bh6 e5 9. Bxg7 Kxg7 10. dxe5 dxe5 11. 0-0-0 Nbd7 12. e3 Qf7 13. b3 Nc5 14. Qb2 Re8 15. Nge2 e4 16. Rhf1 Nd3+ 17. Rxd3 exd3 18. Nf4 Kg8 19. Nxd3 Rb8 20. Nf4 c6 21. h3 Be6 22. f3 Rbd8 23. g4 Bc8 24. g5 Nd7 25. e4 fxe4 26. fxe4 Ne5 27. Qe2 Qe7 28. h4 Bg4 29. Qc2 Qa3+ 30. Qb2 Qxb2+ 31. Kxb2 Nd3+ 32. Nxd3 Rxd3 33. Rf2 Red8 34. Kc2 Re3 35. e5 Rxe5 36. Ne4 Bf5 37. Rf4 Bxe4+ 38. Bxe4 Rf8 39. Rxf8+ Kxf8 40. Kd3 Ke7 41. b4 a5 42. a3 axb4 43. axb4 Kd6 44. c5+ Kc7 45. Kd4 Re7 46. Kd3 b6 47. Kd4 bxc5+ 48. bxc5 Kd7 49. Kd3 Rf7 50. Ke3 Kc7 51. Bd3 Re7+ 52. Be4 Kd7 53. Kd4 Rxe4+ 54. Kxe4 Ke6 55. Kd4 Kf5 56. Kd3 Ke5 57. Ke3 Kd5 58. Kf4 Kd4 59. Kf3 Kxc5 60. Ke4 Kd6 61. Kd4 c5+ 62. Ke4 Ke6 63. Kd3 Kd5 64. Kc3 c4 0-1

[Event "SVK-ch U2400"]
[Site "Liptovsky Jan"]
[Date "2025.06.13"]
[Round "4"]
[White "Prochazka, Martin"]
[Black "Bracok, Stefan"]
[Result "0-1"]
[WhiteElo "1432"]
[BlackElo "1802"]
[PlyCount "103"]
[EventDate "2025.06.12"]
[EventType "swiss"]
[EventRounds "8"]
[EventCountry "SVK"]
[SourceTitle "CB25_2025"]
[SourceDate "2025.06.18"]
[SourceVersion "1"]
[SourceVersionDate "2025.06.18"]
[SourceQuality "1"]

1. e4 d6 2. d4 Nf6 3. Nc3 g6 4. Nf3 Bg7 5. Be2 0-0 6. 0-0 c6 7. Be3 b5 8. a3 Bb7 9. Bd3 Nbd7 10. b4 a6 11. Qd2 Ng4 12. Bf4 e5 13. dxe5 dxe5 14. Bg5 f6 15. Bh4 g5 16. Bg3 Nh6 17. Rad1 Nb6 18. Ne2 Qe7 19. Qe3 Na4 20. c4 Nb2 21. Rc1 Nxd3 22. Qxd3 Rfd8 23. Qb3 Kh8 24. Rfd1 Rxd1+ 25. Rxd1 Rd8 26. Nc3 Bc8 27. Rxd8+ Qxd8 28. c5 Qe7 29. Qd1 Be6 30. Nd2 Qd7 31. Qe2 Qd4 32. Nd1 Bg4 33. Nf3 Qa1 34. h3 Be6 35. Qd3 Nf7 36. Kh2 h6 37. Ne3 h5 38. h4 g4 39. Nd2 Bh6 40. f3 Qd4 41. Qxd4 exd4 42. Nef1 Ne5 43. Bf2 d3 44. Kg3 Nc4 45. Be1 Nxa3 46. Kf2 Nc2 47. Ng3 Kg7 48. Nxh5+ Kg6 49. Ng3 Be3+ 50. Kf1 Nxb4 51. Nb3 gxf3 52. gxf3 0-1

[Event "SVK-ch U2300"]
[Site "Liptovsky Jan"]
[Date "2024.06.16"]
[Round "3"]
[White "Samu, Sorin Mihai"]
[Black "Bracok, Stefan"]
[Result "1-0"]
[WhiteElo "2072"]
[BlackElo "1824"]
[PlyCount "20"]
[EventDate "2024.06.15"]
[EventType "swiss"]
[EventRounds "8"]
[EventCountry "SVK"]
[SourceTitle "CBM 220 Extra"]
[Source "ChessBase"]
[SourceDate "2024.07.31"]
[SourceVersion "1"]
[SourceVersionDate "2024.07.31"]
[SourceQuality "1"]

1. e4 e5 2. f4 d5 3. Nf3 dxe4 4. Nxe5 Nf6 5. Bc4 Nd5 6. Nxf7 Qd7 7. Ne5 Qe6 8. Qh5+ g6 9. Nxg6 Qg4 10. Qxg4 Bxg4 1-0

[Event "SVK-ch U2300"]
[Site "Liptovsky Jan"]
[Date "2024.06.15"]
[Round "2"]
[White "Bracok, Stefan"]
[Black "Tkac, Martin"]
[Result "1-0"]
[WhiteElo "1824"]
[BlackElo "1690"]
[PlyCount "71"]
[EventDate "2024.06.15"]
[EventType "swiss"]
[EventRounds "8"]
[EventCountry "SVK"]
[SourceTitle "CBM 220 Extra"]
[Source "ChessBase"]
[SourceDate "2024.07.31"]
[SourceVersion "1"]
[SourceVersionDate "2024.07.31"]
[SourceQuality "1"]

1. e4 e5 2. Nf3 Nc6 3. Bb5 a6 4. Ba4 b5 5. Bb3 d6 6. c3 Nf6 7. 0-0 Nxe4 8. Bd5 Bb7 9. Bxe4 f5 10. Bxf5 Qf6 11. Be4 Rd8 12. d4 d5 13. Bg5 Qe6 14. Bc2 Be7 15. Bxe7 Qxe7 16. Nxe5 Nxe5 17. Re1 0-0 18. Rxe5 Qf6 19. Qe2 Bc8 20. Nd2 c6 21. Re1 Bd7 22. Nf1 g6 23. Qd2 Qh4 24. Ng3 Rf7 25. Qg5 Qxg5 26. Rxg5 Rdf8 27. f3 Kg7 28. Rge5 Rf6 29. Re7+ R8f7 30. Rxf7+ Kxf7 31. Nf1 Be6 32. Nd2 h6 33. g3 g5 34. Rf1 Bh3 35. Re1 g4 36. f4 1-0

[Event "SVK-ch Amateurs"]
[Site "Liptovsky Jan"]
[Date "2023.06.18"]
[Round "8"]
[White "Juhar, Vladimir"]
[Black "Bracok, Stefan"]
[Result "0-1"]
[WhiteElo "1366"]
[BlackElo "1680"]
[PlyCount "124"]
[EventDate "2023.06.15"]
[EventType "swiss"]
[EventRounds "8"]
[EventCountry "SVK"]
[SourceTitle "CBM 214 Extra"]
[Source "ChessBase"]
[SourceDate "2023.07.31"]
[SourceVersion "1"]
[SourceVersionDate "2023.07.31"]
[SourceQuality "1"]

1. Nf3 Nf6 2. d4 g6 3. e3 Bg7 4. Bc4 d5 5. Bb3 0-0 6. Nbd2 c6 7. c3 Bf5 8. Qe2 Na6 9. h3 c5 10. a3 c4 11. Ba2 Rc8 12. Bb1 Bxb1 13. Rxb1 b5 14. 0-0 Nc7 15. Re1 Re8 16. e4 dxe4 17. Nxe4 Nxe4 18. Qxe4 Nd5 19. Qh4 f6 20. Bh6 Rc6 21. Bxg7 Kxg7 22. Qg3 Qd6 23. Qxd6 Rxd6 24. g3 Kf7 25. Re2 a5 26. Kg2 Rb6 27. Rc1 Rc8 28. Nd2 Rbc6 29. Nb1 Rb6 30. Kf1 b4 31. axb4 axb4 32. cxb4 Nxb4 33. Nc3 Nd3 34. Rcc2 e6 35. Kg2 Rcb8 36. Na4 Rb4 37. b3 cxb3 38. Rc7+ Kg8 39. Nb2 Nxb2 40. Rxb2 Rxd4 41. Rc3 Rdb4 42. g4 R8b7 43. Rc6 R4b6 44. Rc8+ Kg7 45. Rc3 g5 46. Kg3 Kg6 47. h4 h5 48. gxh5+ Kxh5 49. hxg5 Kxg5 50. Kf3 e5 51. Ke2 Rb4 52. Rg3+ Kf5 53. Rf3+ Ke6 54. Re3 f5 55. f3 R7b5 56. Kf2 Kd5 57. Rd2+ Kc4 58. Rb2 Ra5 59. Re1 Ra2 60. Rc1+ Kd3 61. Rxa2 bxa2 62. Ra1 Ra4 0-1

[Event "SVK-chT2C 2122"]
[Site "Slovakia"]
[Date "2021.10.17"]
[Round "2.7"]
[White "Ostrihon, Adam"]
[Black "Bracok, Stefan"]
[Result "1/2-1/2"]
[WhiteElo "1595"]
[BlackElo "1762"]
[PlyCount "76"]
[EventDate "2021.10.16"]
[EventType "team-tourn"]
[EventRounds "11"]
[EventCountry "SVK"]
[SourceTitle "EXT 2023"]
[Source "ChessBase"]
[SourceDate "2022.10.05"]
[SourceVersion "1"]
[SourceVersionDate "2022.10.05"]
[SourceQuality "1"]
[WhiteTeam "Detva"]
[BlackTeam "Ondrasova Krivan"]
[WhiteTeamCountry "SVK"]
[BlackTeamCountry "SVK"]

1. e4 c5 2. Nf3 e6 3. d4 cxd4 4. Nxd4 a6 5. a3 Qc7 6. Nc3 Nf6 7. Be2 b5 8. Bf3 Nc6 9. Nxc6 dxc6 10. 0-0 Bb7 11. Re1 Nd7 12. g3 e5 13. Be3 Bc5 14. Bg4 Bxe3 15. Bxd7+ Qxd7 16. Qxd7+ Kxd7 17. Rxe3 Kc7 18. Rd1 Rad8 19. Red3 Bc8 20. f3 Rd7 21. Kf2 Rhd8 22. Rxd7+ Rxd7 23. Rxd7+ Bxd7 24. Ke3 Kd6 25. b4 f6 26. Nd1 c5 27. c3 g5 28. g4 Be8 29. Nf2 c4 30. Nh1 Bg6 31. Ng3 Ke6 32. h3 Kd6 33. Nf1 Ke6 34. Ke2 Bf7 35. Ne3 Kd7 36. Kf2 Be6 37. Kg3 Ke7 38. h4 h6 1/2-1/2

[Event "SVK-ch Seniors 65"]
[Site "Tatranske Matliare"]
[Date "2021.06.25"]
[Round "7"]
[White "Bracok, Stefan"]
[Black "Olvecky, Jaroslav"]
[Result "0-1"]
[WhiteElo "1784"]
[BlackElo "1887"]
[PlyCount "56"]
[EventDate "2021.06.20"]
[EventType "swiss"]
[EventRounds "9"]
[EventCountry "SVK"]
[SourceTitle "EXT 2022"]
[Source "ChessBase"]
[SourceDate "2021.10.06"]
[SourceVersion "1"]
[SourceVersionDate "2021.10.06"]
[SourceQuality "1"]

1. e4 e5 2. Nf3 Nc6 3. Bb5 Nf6 4. 0-0 d6 5. d4 Bd7 6. d5 Nb8 7. Bd3 Be7 8. Nc3 Bg4 9. Be2 Nbd7 10. Be3 Nf8 11. Nd2 Bd7 12. f4 exf4 13. Bxf4 Ng6 14. Bg3 0-0 15. Nf3 Nh5 16. Qe1 Nxg3 17. Qxg3 Bf6 18. Nd1 Qe7 19. Bd3 Ne5 20. Nxe5 Bxe5 21. Qe1 Qg5 22. Qf2 g6 23. c3 f5 24. exf5 Bxf5 25. Qc2 Bh3 26. Be4 Bxh2+ 27. Kxh2 Rxf1 28. gxh3 Qg1# 0-1

[Event "Liptovsky Jan Slovak op U2200"]
[Site "Liptovsky Jan"]
[Date "2021.06.18"]
[Round "3"]
[White "Bracok, Stefan"]
[Black "Haasova, Timea"]
[Result "0-1"]
[WhiteElo "1784"]
[BlackElo "1533"]
[PlyCount "94"]
[EventDate "2021.06.17"]
[EventType "swiss"]
[EventRounds "7"]
[EventCountry "SVK"]
[SourceTitle "CBM 203 Extra"]
[Source "ChessBase"]
[SourceDate "2021.09.30"]
[SourceVersion "1"]
[SourceVersionDate "2021.09.30"]
[SourceQuality "1"]

1. d4 Nf6 2. Nf3 d5 3. Bg5 Nbd7 4. Nbd2 c6 5. c3 Qc7 6. Qc2 h6 7. Bh4 e6 8. e4 dxe4 9. Bg3 Bd6 10. Bxd6 Qxd6 11. Nxe4 Nxe4 12. Qxe4 Nf6 13. Qe5 Qd5 14. Qxd5 exd5 15. Bd3 Ne4 16. Bxe4 dxe4 17. Nd2 f5 18. f4 Be6 19. Kf2 Kf7 20. Rhe1 Rad8 21. Nf1 g5 22. g3 Rhg8 23. Ne3 b6 24. Rad1 Rd7 25. b3 b5 26. Re2 Kf6 27. Red2 Bd5 28. c4 Bf7 29. d5 Rgd8 30. h3 a6 31. Ke1 gxf4 32. gxf4 c5 33. Rg2 Bh5 34. Rc1 b4 35. Kf2 Bf3 36. Rg3 a5 37. Rcg1 Bh5 38. Ng2 Ra8 39. Ra1 a4 40. bxa4 Rxa4 41. Rb3 Rda7 42. Rb2 Ra3 43. Ne3 b3 44. d6 Rxa2 45. Nd5+ Ke6 46. Rab1 Rxb2+ 47. Rxb2 Ra2 0-1

[Event "Tatry op"]
[Site "Tatranske Zruby"]
[Date "2018.10.04"]
[Round "6"]
[White "Janos, Ivan"]
[Black "Bracok, Stefan"]
[Result "1-0"]
[WhiteElo "2109"]
[BlackElo "1724"]
[PlyCount "41"]
[EventDate "2018.09.30"]
[EventType "swiss"]
[EventRounds "9"]
[EventCountry "SVK"]
[SourceTitle "CBM 186 Extra"]
[Source "ChessBase"]
[SourceDate "2018.08.24"]
[SourceVersion "1"]
[SourceVersionDate "2018.08.24"]
[SourceQuality "1"]

1. e4 d6 2. d4 Nf6 3. Nc3 g6 4. Be3 Bg7 5. Qd2 c6 6. f3 b5 7. a4 Qa5 8. Nge2 Bd7 9. g4 0-0 10. Bg2 e5 11. 0-0 bxa4 12. Rxa4 Qc7 13. Ra3 Rd8 14. Rfa1 a6 15. Rb3 exd4 16. Bxd4 c5 17. Bxf6 Bxf6 18. Nd5 Qa7 19. Nxf6+ Kg7 20. Nh5+ Kg8 21. Qh6 1-0

[Event "Liptovsky Mikulas Relax op"]
[Site "Liptovsky Mikulas"]
[Date "2016.11.16"]
[Round "5"]
[White "Drabek, Miloslav"]
[Black "Bracok, Stefan"]
[Result "1-0"]
[WhiteElo "2080"]
[BlackElo "1815"]
[PlyCount "60"]
[EventDate "2016.11.13"]
[EventType "swiss"]
[EventRounds "7"]
[EventCountry "SVK"]
[SourceTitle "CBM 175 Extra"]
[Source "ChessBase"]
[SourceDate "2016.12.12"]
[SourceVersion "1"]
[SourceVersionDate "2016.12.12"]
[SourceQuality "1"]

1. d4 f5 2. Nf3 Nf6 3. c4 g6 4. Nc3 Bg7 5. e3 0-0 6. Be2 d6 7. b4 c5 8. bxc5 dxc5 9. Bb2 Qb6 10. Na4 Qc7 11. Nxc5 Nc6 12. 0-0 b6 13. Nb3 Bb7 14. d5 Nd8 15. Nbd4 h6 16. Rc1 Rc8 17. Nb5 Qb8 18. Be5 Qa8 19. Nc7 Rxc7 20. Bxc7 Nf7 21. Nd4 Ne4 22. Ne6 Rc8 23. Nxg7 Rxc7 24. Ne6 Rc8 25. Qd4 Nf6 26. f3 Ng5 27. Nf4 Kf7 28. h4 Ngh7 29. e4 fxe4 30. fxe4 Ke8 1-0

[Event "Liptovsky Mikulas Relax op"]
[Site "Liptovsky Mikulas"]
[Date "2016.11.15"]
[Round "4"]
[White "Bracok, Stefan"]
[Black "Milovnik, Juraj"]
[Result "1-0"]
[WhiteElo "1815"]
[BlackElo "2002"]
[PlyCount "95"]
[EventDate "2016.11.13"]
[EventType "swiss"]
[EventRounds "7"]
[EventCountry "SVK"]
[SourceTitle "CBM 175 Extra"]
[Source "ChessBase"]
[SourceDate "2016.12.12"]
[SourceVersion "1"]
[SourceVersionDate "2016.12.12"]
[SourceQuality "1"]

1. e4 d5 2. exd5 Qxd5 3. Nc3 Qd6 4. g3 Nf6 5. Bg2 a6 6. Nf3 Nc6 7. 0-0 Bf5 8. d3 0-0-0 9. a3 e5 10. b4 e4 11. Ng5 Bg4 12. Qd2 Ne5 13. Ngxe4 Nxe4 14. Nxe4 Qd4 15. Qc3 Qxc3 16. Nxc3 Nf3+ 17. Kh1 Nd4 18. Ra2 f5 19. Nd1 Bh5 20. Bf4 Re8 21. Be3 Nf3 22. Bh3 g6 23. c4 Bg7 24. Rc2 Rd8 25. Nb2 Bxb2 26. Rxb2 Rxd3 27. Ra2 Rhd8 28. Raa1 Rb3 29. Rfb1 Rdd3 30. Rxb3 Rxb3 31. Bf1 Ne5 32. h4 Bf3+ 33. Kg1 Kd7 34. Bd4 Nf7 35. c5 Bd5 36. Be2 Nd8 37. Kf1 Ne6 38. Be3 Kc6 39. Bd2 Nd4 40. Bd1 Rd3 41. Be3 Bb3 42. Ke1 Bxd1 43. Bxd4 Rxd4 44. Rxd1 Rxd1+ 45. Kxd1 Kb5 46. Kc2 Kc4 47. f3 h5 48. c6 1-0

[Event "Liptovsky Mikulas Relax op"]
[Site "Liptovsky Mikulas"]
[Date "2016.11.14"]
[Round "3"]
[White "Hujo, Jozef"]
[Black "Bracok, Stefan"]
[Result "1/2-1/2"]
[WhiteElo "2019"]
[BlackElo "1815"]
[PlyCount "60"]
[EventDate "2016.11.13"]
[EventType "swiss"]
[EventRounds "7"]
[EventCountry "SVK"]
[SourceTitle "CBM 175 Extra"]
[Source "ChessBase"]
[SourceDate "2016.12.12"]
[SourceVersion "1"]
[SourceVersionDate "2016.12.12"]
[SourceQuality "1"]

1. d4 Nf6 2. Nf3 g6 3. c4 Bg7 4. Nc3 0-0 5. Bg5 d6 6. e3 c6 7. Be2 Na6 8. a3 Nc7 9. 0-0 Rb8 10. Rc1 b5 11. b4 a6 12. Nd2 d5 13. cxb5 cxb5 14. Nb3 Ne6 15. Bh4 Bb7 16. Na5 Ba8 17. Qd2 Nd7 18. a4 Nc7 19. Bg3 e5 20. axb5 axb5 21. Nb3 Qe7 22. dxe5 Bxe5 23. Nd4 Bxg3 24. hxg3 Qxb4 25. Rb1 Qd6 26. Ncxb5 Nxb5 27. Nxb5 Qe7 28. Nc7 Nf6 29. Rxb8 Rxb8 30. Nxa8 Rxa8 1/2-1/2

[Event "EU Amateur-ch"]
[Site "Ruzomberok"]
[Date "2016.06.09"]
[Round "5"]
[White "Bracok, Stefan"]
[Black "Burstein, Almog"]
[Result "0-1"]
[WhiteElo "1800"]
[BlackElo "1956"]
[PlyCount "122"]
[EventDate "2016.06.06"]
[EventType "swiss"]
[EventRounds "9"]
[EventCountry "SVK"]
[SourceTitle "CBM 172 Extra"]
[Source "ChessBase"]
[SourceDate "2016.06.21"]
[SourceVersion "1"]
[SourceVersionDate "2016.06.21"]
[SourceQuality "1"]

1. d4 Nf6 2. c4 e6 3. Nc3 Bb4 4. a3 Bxc3+ 5. bxc3 c5 6. Nf3 0-0 7. Qc2 d5 8. e3 b6 9. cxd5 Qxd5 10. c4 Qh5 11. Be2 Bb7 12. Ne5 Be4 13. Bxh5 Bxc2 14. Be2 Nbd7 15. Ra2 Be4 16. f3 Bb7 17. Nd3 Rac8 18. Rc2 Ba6 19. Nb2 Rfd8 20. Kf2 cxd4 21. exd4 e5 22. Be3 Nd5 23. Bd2 exd4 24. Bd3 Ne5 25. Bf5 Nxc4 26. Bxc8 Rxc8 27. Nxc4 Rxc4 28. Rxc4 Bxc4 29. Rc1 b5 30. Re1 Kf8 31. Bb4+ Nxb4 32. axb4 g6 33. Ra1 Ke7 34. Rxa7+ Ke6 35. f4 Kf5 36. Kf3 Bd5+ 37. Kf2 Kxf4 38. Ra3 Bc4 39. Rh3 h5 40. Rh4+ Ke5 41. Rh3 d3 42. Ke3 f5 43. Rf3 g5 44. Rf2 f4+ 45. Kd2 h4 46. Rf1 g4 47. Re1+ Kf5 48. Re8 Kg5 49. Re5+ Kg6 50. Ke1 f3 51. gxf3 gxf3 52. Re8 Kf5 53. Kf2 Kf4 54. Re7 Bd5 55. Ke1 Be4 56. Kf2 Bf5 57. Re8 Be4 58. Re7 Bd5 59. Re1 Bb3 60. Re3 d2 61. Rxf3+ Ke4 0-1

[Event "Tatry op"]
[Site "Tatranske Zruby"]
[Date "2013.09.29"]
[Round "1"]
[White "Bracok, Stefan"]
[Black "Kotlowski, Maciej"]
[Result "1-0"]
[WhiteElo "1704"]
[BlackElo "1000"]
[PlyCount "39"]
[EventDate "2013.09.29"]
[EventType "swiss"]
[EventRounds "9"]
[EventCountry "SVK"]
[SourceTitle "EXT 2023"]
[Source "ChessBase"]
[SourceDate "2022.10.05"]
[SourceVersion "1"]
[SourceVersionDate "2022.10.05"]
[SourceQuality "1"]

1. e4 e5 2. Nf3 Nc6 3. Bb5 Bd6 4. 0-0 Nf6 5. d4 Qe7 6. Nc3 exd4 7. Nd5 Nxd5 8. Bxc6 dxc6 9. exd5 0-0 10. dxc6 bxc6 11. Qxd4 Bb7 12. Re1 c5 13. Qc3 Qd7 14. b3 Qf5 15. Bb2 f6 16. Qd3 Qg4 17. Re3 a5 18. Rae1 Bxh2+ 19. Kxh2 Bc6 20. Qc4+ 1-0

[Event "Tatry op"]
[Site "Tatranske Zruby"]
[Date "2012.09.28"]
[Round "7"]
[White "Lauko, Marian"]
[Black "Bracok, Stefan"]
[Result "1-0"]
[WhiteElo "1914"]
[BlackElo "1695"]
[PlyCount "73"]
[EventDate "2012.09.23"]
[EventType "swiss"]
[EventRounds "9"]
[EventCountry "SVK"]
[SourceTitle "EXT 2023"]
[Source "ChessBase"]
[SourceDate "2022.10.05"]
[SourceVersion "1"]
[SourceVersionDate "2022.10.05"]
[SourceQuality "1"]

1. d4 Nf6 2. Nf3 e6 3. c4 d5 4. Nc3 Bb4 5. a3 Bxc3+ 6. bxc3 0-0 7. e3 c6 8. Bd3 dxc4 9. Bxc4 Nbd7 10. 0-0 Re8 11. a4 b6 12. Qc2 a5 13. e4 Ba6 14. Bxa6 Rxa6 15. Bg5 e5 16. Rad1 Qc7 17. Bxf6 gxf6 18. Qe2 Raa8 19. Nh4 Nf8 20. Qf3 Re6 21. Nf5 Ng6 22. h4 exd4 23. h5 dxc3 24. hxg6 fxg6 25. Nd4 Rd6 26. Qxc3 Qd7 27. Qb3+ Kh8 28. Nf3 Rb8 29. Rxd6 Qxd6 30. Rd1 Qe7 31. e5 fxe5 32. Qc3 Kg7 33. Qxc6 Kh6 34. Re1 Qc5 35. Qe4 Qb4 36. Qxe5 Qxa4 37. Qxb8 1-0